000 00571nam a22001817a 4500
999 _c9201
_d9201
008 210329b ||||| |||| 00| 0 eng d
040 _aBMS College of Architecture
100 _aNupur, Manisha
245 _aResearch and Development centre for oceanography at Mangalore Karnataka
300 _aNA
500 _a1BM03AT015
502 _8B.Arch
_NBMS College of Architecture, Visvesvaraya Technological University
_aProject report
_d2007
650 _aMangalore
650 _aResearch
700 _aPushpa D
_eGuide
700 _aSatish Rao
_eGuide
942 _2ddc
_cTHE